000 01577nam a2200385Ia 4500
001 ebr10400725
003 CaPaEBR
006 m u
007 cr cn|||||||||
008 100129s2010 mnuab sb 001 0 eng d
020 _z9780816665778 (hbk.)
020 _z081666577X (hbk.)
020 _z9780816665785 (pbk.)
020 _z0816665788 (pbk.)
040 _aCaPaEBR
_cCaPaEBR
035 _a(OCoLC)646821637
050 1 4 _aE78.N5
_bO35 2010eb
082 0 4 _a974.03
_222
100 1 _aO'Brien, Jean M.
245 1 0 _aFirsting and lasting
_h[electronic resource] :
_bwriting Indians out of existence in New England /
_cJean M. O'Brien.
260 _aMinneapolis, Minn. ;
_aLondon :
_bUniversity of Minnesota Press,
_cc2010.
300 _axxvi, 269 p. :
_bill., 1 map.
490 1 _aIndigenous Americas
504 _aIncludes bibliographical references and index.
533 _aElectronic reproduction.
_bPalo Alto, Calif. :
_cebrary,
_d2011.
_nAvailable via World Wide Web.
_nAccess may be limited to ebrary affiliated libraries.
650 0 _aIndians of North America
_zNew England
_xHistory
_y19th century.
650 0 _aIndians of North America
_zNew England
_xHistoriography.
651 0 _aNew England
_xHistory
_y19th century.
651 0 _aNew England
_xHistoriography.
651 0 _aNew England
_xRace relations.
655 7 _aElectronic books.
_2local
710 2 _aebrary, Inc.
830 0 _aIndigenous Americas.
856 4 0 _uhttp://site.ebrary.com/lib/rucke/Doc?id=10400725
_zAn electronic book accessible through the World Wide Web; click to view
999 _c202291
_d202291